Observing the scribe at work : scribal practice in the ancient world /

Scribes are paradoxically both central and invisible in most societies before the typographic revolution of the 15th century, witnessed by every manuscript, but often elusive as historical figures. The act of writing is a quotidian and vernacular practice as well as a literary one, and must be obser...

وصف كامل

محفوظ في:

مؤلفون آخرون: Ast, Rodney (المحرر), Choat, Malcolm (المحرر), Cromwell, Jennifer (المحرر), Lougovaya, Julia (المحرر), Yuen-Collingridge, Rachel (المحرر)

التنسيق: كتاب

اللغة: English

منشور في: Leuven ; Bristol, CT : Peeters, 2021.

سلاسل: Orientalia Lovaniensia analecta ; 301.

الموضوعات:

الوسوم: إضافة وسم

لا توجد وسوم, كن أول من يضع وسما على هذه التسجيلة!

رقم الطلب: DS1 .O7 v.301

LEADER 04732nam a22005657a 4500
003 OSt
005 20260429055757.0
008 260429t2021 be a b 000 0 eng d
010 |a  2017300895 
020 |a 9789042942868  |q (hardcover) 
020 |a 904294286X  |q (hardcover) 
020 |z 9789042942875  |q (electronic book) 
024 3 |a 9789042942868 
035 |a 22508789 
035 |a (OCoLC)1264650530 
040 |a OHX  |b eng  |c OHX  |e rda  |d COO  |d NVS  |d YDX  |d YDXIT  |d DDO  |d ERASA  |d OCLCO  |d JPG  |d OCLCO  |d RES  |d OCLCQ  |d DLC 
042 |a lccopycat 
043 |a ff-----  |a e------  |a aw-----  |a f-ua--- 
050 1 4 |a DS1  |b .O7 v.301 
072 7 |a Z  |2 lcco 
082 0 4 |a 091  |2 23 
245 0 0 |a Observing the scribe at work :  |b scribal practice in the ancient world /  |c edited by Rodney Ast, Malcolm Choat, Jennifer Cromwell, Julia Lougovaya and Rachel Yuen-Collingridge. 
264 1 |a Leuven ;  |a Bristol, CT :  |b Peeters,  |c 2021. 
300 |a xiv, 346 pages :  |b illustrations ;  |c 26 cm. 
336 |a text  |b txt  |2 rdacontent 
337 |a unmediated  |b n  |2 rdamedia 
338 |a volume  |b nc  |2 rdacarrier 
490 1 |a Orientalia Lovaniensia analecta,  |x 0777-978X ;  |v 301 
504 |a Includes bibliographical references. 
505 0 |a Observing the scribe at work / Rachel Yuen-Collinridge -- Ilimilku of Ugarit, l'homme et l'oeuvre: an enquiry into a scribe's authorial role / Nick Wyatt -- The role of the scribe in the composition of written correspondence in Israel and Judah / Gareth Wearne -- Two groups of Deir el-Medina ostraca recording duty rosters and daily deliveries composed with identity marks / Daniel Soliman -- How many scribes in P.Berol 13270? New considerations about the handwriting / Valeria Tezzon -- Compositional practice and contractual authority in the Patermouthis Archive / Rodney Ast -- Scribes and other writers in the Petra papyri / Marja Vierros -- The problems of anonymous scribes at Wadi Sarga / Jennifer Cromwell -- Theodore the Stoudite and the Stoudios Scriptorium in ninth-century Byzantium / Ken Parry -- Mirroring Byzanitum: scribes, dukes, and leadership in Pre-Norman southern Italy / Norman Underwood -- Observing Neo-Assyrian scribes at work / Jacob Lauinger -- Wenamun: directions in palaeography and structure. A preliminary survey / Anthony Spalinger and Tasha Dobbin-Bennett -- Inscriptional copies from the archaic to the Hellenistic period / Julia Lougovaya -- Professional scribes and letter-cutters in archaic Greece / Elena Martín González -- Saving the ivory tower from oblivion: the role of scribes in preserving Alexandrian scholarship / Francesca Schironi -- Accounts and scribal practice in Dime in the Roman period / Marie-Pierre Chaufrey -- Text and paratext in documentary papyri from Roman Egypt / Malcolm Choat -- The use of abbreviations in duplicate documents from Roman Egypt / Korshi Dosoo -- Scribal process and cognitive philology in Didymus the Blind's Lectures on psalms (Tura codex V) / Gregg Schwendner. 
520 8 |a Scribes are paradoxically both central and invisible in most societies before the typographic revolution of the 15th century, witnessed by every manuscript, but often elusive as historical figures. The act of writing is a quotidian and vernacular practice as well as a literary one, and must be observed not only in the outputs of literary copyists or reports of their activities, but in the documents of everyday life. This volume collects contributions on scribal practice as it features on diverse media (including papyri, tablets, and inscriptions) in a range of ancient societies, from the Ancient Near East and Dynastic Egypt through the Graeco-Roman world to Byzantium. These discussions of the role and place of scribes and scribal activity in pre-typographic cultures both contribute to a better understanding of one of the key drivers of these cultures, and illuminate the transmission of knowledge and traditions within and between them. 
650 0 |a Scribes  |x History. 
650 0 |a Scribes  |z Rome. 
650 0 |a Scribes  |z Egypt. 
650 6 |a Scribes  |x Histoire. 
650 7 |a Scribes  |2 fast  |0 (OCoLC)fst01109393 
650 7 |a Antiquities  |2 fast  |0 (OCoLC)fst00810745 
651 7 |a Scriptoria  |2 fast  |0 (OCoLC)fst01109404 
655 7 |a History  |2 fast  |0 (OCoLC)fst01411628 
700 1 |a Ast, Rodney,  |e editor. 
700 1 |a Choat, Malcolm,  |e editor. 
700 1 |a Cromwell, Jennifer,  |e editor. 
700 1 |a Lougovaya, Julia,  |e editor. 
700 1 |a Yuen-Collingridge, Rachel,  |e editor. 
776 0 8 |i E-book version  |z 9789042942875 
830 0 |a Orientalia Lovaniensia analecta ;  |v 301. 
906 |a 7  |b cbc  |c copycat  |d 2  |e ncip  |f 20  |g y-gencatlg 
942 |2 lcc  |c BK 
955 |b rf29 2022-04-14  |i rf06 2022-04-27 to CMD 
999 |c 62200  |d 62200